000 02776cam a22005414i 4500
003 PE-LiUPU
005 20250731165604.0
008 150706s r 000 0 d
020 _a9780830824526
035 _a(Sirsi) i9780830824526
040 _aPE-LiUPU
_bspa
_cPE-LiUPU
_erda
049 _aPRUA
082 0 4 _a220.9
_bL32
_221
100 1 _aLawrence. Paul,
_eautor.
245 1 4 _aThe IVP atlas of Bible history /
_cPaul Lawrence.
264 1 _aDowners Grove, Illinois :
_bIVP Academic,
_c2006.
300 _a187 páginas :
_bilustraciones, col. mapas ;
_c31 centímetros
336 _atext
_2rdacontent
337 _aunmediated
_2rdamedia
338 _avolume
_2rdacarrier
500 _aOriginal edition published in English under the title The Lion Atlas of Bible History by Lion Hudson PLC, Oxford, England"--T.p. verso.
504 _aIncluye bibliografía.
505 0 _aChronology of the events of the Bible and the Ancient near east -- Map of Israel in Old and New Testament times -- What is the Bible? -- Creation -- The flood -- Nations and Languages -- Languages of the Bible -- Mesopotamia -- The Patriarchs: the biblical evidence -- Archaeological evidence for the Patriarchs -- Egypt -- Joseph -- Moses -- The ten plagues -- The Exodus -- The Giving of the Law -- The tabernacle -- The conquest of transjordan -- The conquest of Canaan: Jericho and Ai -- The conquest of Canaan: the defeat of the Kings -- Evidence of the conquest of Canaan -- The Geography of Canaan -- The climate of Canaan -- The twelve tribes of Israel -- The Judges -- The Philistine threat -- The establishment of the Hebrew Monarchy -- David's conquests -- David's latter years..
526 _aSEG44
526 _aSEG26
526 _aP151
526 _aP150
526 _aP149
526 _aP146
526 _aP145
526 _aP126
526 _aP125
526 _aP92
526 _aP75
526 _aP74
526 _aP27
526 _aP15
541 _g104-3776787-4588217;
630 0 4 _aBiblia
_xGeografía
_vMapas.
630 0 4 _aBiblia
_xGeografía.
630 0 4 _aBiblia
_xHistoria de eventos bíblicos.
910 _agl
_bjv
_clch
_d20090811
942 _2ddc
_cBOOK
949 _aRC 220.9 L32
_wDEWEY
_c1
_i59798
_lCCODEBUL1
_mBUL
_p27.00
_r0
_sY
_tBOOK
_u2015-7-6
_xTEOLOGIA
_PP85
_0COMPRA
_o.CIRCNOTE. No olvidar cambiar la fecha de devolución!!!!!!!
_o.STAFF. Colección General
994 _aC0
_bPEPRU
596 _a1
999 _aRC 220.9 L32
_wDEWEY
_c49331
_i59798
_d49331
_f2021-11-8
_g6
_lCCODEBUL1
_mBUL
_p27.00
_q2
_r1
_sY
_tBOOK
_u2015-7-6
_xTEOLOGIA
_PP85
_0COMPRA
_o.CIRCNOTE. No olvidar cambiar la fecha de devolución!!!!!!!
_o.STAFF. Colección General
980 _81
_gALBERTO SANCHEZ Responsable de Automatización